000 00405nam a2200157Ia 4500
005 20250305004047.0
008 240331s9999 xx 000 0 und d
020 _a9559757016
082 _bKUR
_a891
100 _aKuruppu,B.B
245 0 _aArdhanari
260 _aNugegoda
_bPiyasiri Printing systems
_c2002
300 _aXvii, 339 p .,
500 _astory of a prisoner in a camp in China
942 _cL
999 _c5315
_d5315